000 00409nam a2200097Ia 4500
008 180130s9999 xx 000 0 und d
245 _cYuan, Shuai; Rao, Raghav H.; Upadhyaya, Shambhu
_aEmerging issues for education in e-discovery for electronic health records
260 _c2016
300 _aBook title: Computer and information security--Acession number C20546; pages 153-159
650 _aINFORMATION SECURITY
999 _c354119
_d354119